| 000 | 02749nam0a2200397 i 4500 | ||
|---|---|---|---|
| 001 | RU\NLR\BIBL_A\010778758 | ||
| 005 | 20241105183344.0 | ||
| 010 |
_a9785905240515 _9200 |
||
| 021 |
_aRU _b2015-33153 _91960 |
||
| 021 |
_aRU _b2015-33153 _92536 |
||
| 035 | _a(NLR Aleph) 010778758 | ||
| 090 |
_a10055972 _c10055972 |
||
| 100 | _a20150608d2015 k y0rusy50 ca | ||
| 101 | 0 |
_arus _aeng |
|
| 102 | _aRU | ||
| 105 | _aac||z|||101yy | ||
| 200 | 1 | _aСборник тезисов V Научно-технической конференции студентов, аспирантов и молодых ученых (с международным участием) "Неделя науки - 2015", 25-27 марта 2015 г. | |
| 210 |
_aСанкт-Петербург _cИзд-во Санкт-Петербургского технологического института (технического университета) _d2015 |
||
| 215 |
_a294 с. _cил. _d21 |
||
| 300 | _aНа обл.: Неделя науки: V научно-техническая конференция с международным участием: сборник тезисов | ||
| 300 | _aВ надзаг.: С.-Петерб. гос. технол. ин-т (техн. ун-т), Упр. науч. исслед. | ||
| 300 | _aТекст на рус. и англ. яз. | ||
| 320 | _aБиблиогр. в конце докл. | ||
| 320 | _aАлф. указ.: с. 287-294 | ||
| 512 | 1 |
_aНеделя науки _eV научно-техническая конференция с международным участием _eсборник тезисов |
|
| 600 | 1 |
_aИонин _bБ.И. _f1935 - 2013 _gБорис Иосифович _92237872 _3RU\NLR\AUTH\6601574663 |
|
| 601 | 0 | 2 |
_aСанкт-Петербургский государственный технологический институт _jСборники _xНаучные конференции _92247963 _3RU\NLR\AUTH\6601579366 |
| 601 | 0 | 2 |
_aСанкт-Петербургский государственный технологический институт _bНаучно-исследовательская лаборатория "Каталитические технологии" _xИстория _92237871 _3RU\NLR\AUTH\6601574662 |
| 686 | 1 | _aГ2д(2)Ионин | |
| 686 | 1 | _aЛ114.1е(2)л3 | |
| 686 | 1 | _aЯ431(2)39 | |
| 710 | 1 | 2 |
_a"Неделя науки - 2015", научно-техническая конференция студентов, аспирантов и молодых ученых (с международным участием) _d5 _eСанкт-Петербург _9471968 _3RU\NLR\AUTH\880402509 |
| 942 | _cBOOK | ||
| 980 | _aNBR | ||